[Event "GER-chT U10"]
[Site "Magdeburg"]
[Date "2014.12.28"]
[Round "3.3"]
[White "Holubek, Oliver"]
[Black "Foelting, Enna"]
[Result "1-0"]
[WhiteElo "989"]
[BlackElo "600"]
[PlyCount "37"]
[EventDate "2014.12.27"]
[EventType "team-swiss"]
[EventRounds "7"]
[EventCountry "GER"]
[SourceTitle "EXT 2016"]
[Source "ChessBase"]
[SourceDate "2015.10.08"]
[SourceVersion "1"]
[SourceVersionDate "2015.10.08"]
[SourceQuality "1"]
[WhiteTeam "Karlsruhe"]
[BlackTeam "Raesfeld Erle"]
[WhiteTeamCountry "GER"]
[BlackTeamCountry "GER"]

1. e4 e5 2. Nf3 Nc6 3. Bc4 Bc5 4. c3 Nf6 5. d4 exd4 6. cxd4 Bb4+ 7. Nc3 Nxe4 8. 0-0 Nxc3 9. bxc3 Bxc3 10. Qb3 0-0 11. Bg5 Qe8 12. Qxc3 Qe4 13. Rfe1 Qg4 14. h3 Qf5 15. Qe3 h6 16. Bh4 d5 17. Bd3 Qh5 18. Qe8 Rxe8 19. Rxe8# 1-0

[Event "GER-chT U10"]
[Site "Magdeburg"]
[Date "2013.12.27"]
[Round "1.3"]
[White "Holubek, Oliver"]
[Black "Cheng, Dino Liwen"]
[Result "0-1"]
[WhiteElo "820"]
[BlackElo "600"]
[PlyCount "66"]
[EventDate "2013.12.27"]
[EventType "team-swiss"]
[EventRounds "5"]
[EventCountry "GER"]
[SourceTitle "EXT 2015"]
[Source "ChessBase"]
[SourceDate "2014.11.20"]
[SourceVersion "1"]
[SourceVersionDate "2014.11.20"]
[SourceQuality "1"]
[WhiteTeam "Karlsruhe"]
[BlackTeam "Muenchen Suedost"]
[WhiteTeamCountry "GER"]
[BlackTeamCountry "GER"]

1. e4 c5 2. Nc3 g6 3. Bb5 e6 4. Nf3 Ne7 5. d3 Nbc6 6. Bg5 h6 7. Bh4 g5 8. Bg3 a6 9. Ba4 Nd4 10. Nxd4 cxd4 11. Ne2 Qa5+ 12. c3 dxc3 13. bxc3 Nc6 14. Bxc6 bxc6 15. 0-0 d5 16. exd5 cxd5 17. Rb1 Bc5 18. c4 dxc4 19. dxc4 Qxa2 20. Ra1 Qxc4 21. Ra4 Qb5 22. Nc3 Qb2 23. Ne4 Qb5 24. Be5 Bxf2+ 25. Rxf2 Qxe5 26. Rb4 Rb8 27. Rc4 f5 28. Nd6+ Ke7 29. Nxc8+ Rbxc8 30. Ra4 Rhd8 31. Qh5 Rc1+ 32. Rf1 Qe3+ 33. Kh1 Rxf1# 0-1